01070 a2200205 45000010006000000050017000060080041000230030015000640400040000790800099001192450043002180200018002612640029002793000019003085050441003271000024007687000020007927000024008127000028008363338420260407155626.0260407a1996 arg spa dAR-UNSa-BCEJYS aAR-UNSa-BCEJYSbspacAR-UNSa-BCEJYS a658.016.7xPrincipios generales. Eficiencia. Racionalización. Productividad (Reingeniería)10aReingeniería de procesos de negocios a968-18-5162-5 1aMéxico :bLimusac1996 a268 p.c23 cm. a1. ¿ Cuál es la nueva manera de pensar? - 2.¿ Por qué la nueva manera de pensar ? - 3. Comprensión de los procesos - 3. Comprensión de los procesos - 4. Pegando la vajilla de porcelana - 5. Búsqueda de innovación radical - 6. Los nuevos activos - 7. Administración de procesos en negocios grandes - 8. Organización y administración para alcanzar el éxito - 9. Conclusión - Apéndice: Trazo de mapas de procesos.1 aJohansson, Henry J.1 aMcHugh, Patrick1 aPendlebury, A. John1 aWheeler, William A. III